000 00363nam a2200133Ia 4500
008 151001s9999||||xx |||||||||||||| ||und||
100 _aशर्मा कुमार पाटील
245 _aअध्यात्म और विज्ञान
250 _a1
260 _bगणपती
260 _c२०११
300 _a128
365 _b21
999 _c998382
_d998379